Central Library OPAC University of Rajshahi

The selected letters of Gustave Flaubert. / (Record no. 23261)

MARC details
000 -LEADER
fixed length control field 00944nam a2200277 a 4500
001 - CONTROL NUMBER
control field 23261
003 - CONTROL NUMBER IDENTIFIER
rucl marc code BD-RjUL
005 - DATE AND TIME OF LATEST TRANSACTION
control field 20211209000918.0
008 - FIXED-LENGTH DATA ELEMENTS--GENERAL INFORMATION
fixed length control field 140310s1954 enk 001 0aeng d
035 ## - SYSTEM CONTROL NUMBER
System control number (BD-RjUL)23326
040 ## - CATALOGING SOURCE
Original cataloging agency IRU
Transcribing agency IRU
Modifying agency OCL
-- BD-RjUL
Language of cataloging eng
041 1# - LANGUAGE CODE
Language code of text/sound track or separate title engfre
082 ## - DEWEY DECIMAL CLASSIFICATION NUMBER
Classification number 846.8
Author mark and year FLS 1954
090 ## - LOCALLY ASSIGNED LC-TYPE CALL NUMBER (OCLC); LOCAL CALL NUMBER (OCLC)
Classification number (OCLC) (R) ; Classification number, CALL (RLIN) (NR) PQ2247.A23
Local cutter number (OCLC) ; Book number/undivided call number, CALL (RLIN) E57 1954
100 1# - MAIN ENTRY--PERSONAL NAME
Personal name Flaubert, Gustave,
Dates associated with a name 1821-1880.
9 (RLIN) 71689
245 14 - TITLE STATEMENT
Title The selected letters of Gustave Flaubert. /
Statement of responsibility, etc. Gustave Flaubert ; translated and edited with an introduction by Francis Steegmuller.
260 ## - PUBLICATION, DISTRIBUTION, ETC. (IMPRINT)
Place of publication, distribution, etc. London :
Name of publisher, distributor, etc. Hamish Hamilton,
Date of publication, distribution, etc. 1954.
300 ## - PHYSICAL DESCRIPTION
Pagination 254 p. :
Illustrations illus. ;
Size 23 cm.
504 ## - BIBLIOGRAPHY, ETC. NOTE
Bibliography, etc Includes index.
600 10 - SUBJECT ADDED ENTRY--PERSONAL NAME
Personal name Flaubert, Gustave,
Dates associated with a name 1821-1880
650 #0 - SUBJECT ADDED ENTRY--TOPICAL TERM
Topical term or geographic name as entry element Novelists, French
Chronological subdivision 19th century
General subdivision Correspondence.
9 (RLIN) 71691
700 1# - ADDED ENTRY--PERSONAL NAME
Personal name Steegmuller, Francis,
Dates associated with a name 1906-1994 .
942 ## - ADDED ENTRY ELEMENTS (KOHA)
Source of classification or shelving scheme Dewey Decimal Classification
Koha item type Books
Holdings
Lost status Source of classification or shelving scheme Damaged status Not for loan Collection code Permanent Location Current Location Shelving location Date acquired Source of acquisition Cost, normal purchase price Total Checkouts Full call number Date last seen Copy number Koha item type
  Dewey Decimal Classification   Added to bundle Non-fiction Central Library, University of Rajshahi Central Library, University of Rajshahi Reading Room 09/06/1955 Aligrah Lib. Dhaka. 10.20   846.8 FLS 1954 10/03/2014 C-1 Books